| 000 | 01499nam a2200373Ia 4500 | ||
|---|---|---|---|
| 001 | ebr10587131 | ||
| 003 | CaPaEBR | ||
| 006 | m u | ||
| 007 | cr cn||||||||| | ||
| 008 | 990917s2000 nyua sb s001 0 eng d | ||
| 010 | _z 99048450 | ||
| 020 | _z0791446239 (alk. paper) | ||
| 020 | _z0791446247 (pbk. : alk. paper) | ||
| 020 | _z9780791446232 | ||
| 020 | _z9780791492376 | ||
| 040 |
_aCaPaEBR _cCaPaEBR |
||
| 035 | _a(OCoLC)50489927 | ||
| 050 | 1 | 4 |
_aBF173 _b.S8454 2000eb |
| 082 | 0 | 4 |
_a150.19/5 _221 |
| 245 | 0 | 4 |
_aThe subject of Lacan _h[electronic resource] : _ba Lacanian reader for psychologists / _cedited by Kareen Ror Malone and Stephen R. Friedlander. |
| 260 |
_aAlbany : _bState University of New York Press, _cc2000. |
||
| 300 |
_axiv, 388 p. : _bill. |
||
| 490 | 0 | _aSUNY series, alternatives in psychology | |
| 490 | 0 | _aSUNY series in psychoanalysis and culture | |
| 504 | _aIncludes bibliographical references and index. | ||
| 533 |
_aElectronic reproduction. _bPalo Alto, Calif. : _cebrary, _d2011. _nAvailable via World Wide Web. _nAccess may be limited to ebrary affiliated libraries. |
||
| 600 | 1 | 0 |
_aLacan, Jacques, _d1901-1981. |
| 650 | 0 | _aPsychoanalysis. | |
| 655 | 7 |
_aElectronic books. _2local |
|
| 700 | 1 |
_aMalone, Kareen Ror, _d1955- |
|
| 700 | 1 |
_aFriedlander, Stephen R., _d1944- |
|
| 710 | 2 | _aebrary, Inc. | |
| 856 | 4 | 0 |
_uhttp://site.ebrary.com/lib/rucke/Doc?id=10587131 _zAn electronic book accessible through the World Wide Web; click to view |
| 999 |
_c211790 _d211790 |
||